000 00718nam a2200253Ia 4500
003 OSt
005 20220926000659.0
006 a|||||r|||| 00| 0
007 ta
008 220923b |||||||| |||| 00| 0 eng d
020 _a8185182949
037 _cGeneral Book
040 _aRTL
_cRTL
_beng
041 _2eng
_aeng
082 _aX9(J).252C.N9, N3
100 _aPokhriyal H C
_9302890
245 0 _aAgrarian economy of the Central Himalaya
_b A study
260 _a New Delhi
_bIndus
_c1993
300 _a151p
_ccm.
500 _aBibliography: P 129-46
650 _aAgricultural Economics
942 _hX9(J).252C.N9, N3
_cGB
_2CC
999 _c599446
_d599446